000 00456nam a2200205Ia 4500
001 14490
003 GE_BSU
008 181216s||||||||xx |||||||||||||| ||und||
020 _a102233044355
040 _cGE_BSU
080 _a821.111-3
100 _aHerriot, James
245 4 _aThe Lord God Made them All
260 _aLondon
260 _bPan books
260 _c1981
300 _a346p.20cm.
653 _aThe Lord God Made them All
942 _cBK
999 _c47621
_d47621